[Event "17. Sparkassen Open 2018 - Gruppe A"]
[Site "Forchheim"]
[Date "2018.09.23"]
[Round "5.1"]
[White "Krassowizkij, Jaroslaw"]
[Black "Yelisieiev, Yevhenii"]
[Result "1-0"]
[WhiteElo "2439"]
[BlackElo "2382"]
[PlyCount "151"]
[EventDate "2018.??.??"]
[WhiteTeam "SV Jedesheim"]
[BlackTeam "SC Noris-Tarrasch Nürnberg"]

1. Nf3 d6 2. d4 Nf6 3. c4 Nbd7 4. Nc3 e5 5. g3 c6 6. Bg2 Be7 7. O-O O-O 8. h3
Re8 9. e4 Bf8 10. Be3 a6 11. d5 cxd5 12. cxd5 b5 13. Nd2 Nb6 14. a4 bxa4 15.
Nxa4 Nxa4 16. Qxa4 Bd7 17. Qa3 Bb5 18. Rfc1 Rc8 19. Bf1 Qd7 20. Bxb5 axb5 21.
Kg2 Rxc1 22. Rxc1 Rc8 23. Rxc8 Qxc8 24. Qb4 Qa6 25. Nb1 Ne8 26. Na3 f5 27. Qxb5
Qxb5 28. Nxb5 Nf6 29. Nc3 Nxe4 30. Nxe4 fxe4 31. h4 Kf7 32. Kf1 Ke8 33. Ke2 Kd7
34. Bb6 Kc8 35. Ke3 Kb7 36. Bd8 Kc8 37. Ba5 g6 38. g4 Be7 39. g5 Bf8 40. Kxe4
Kd7 41. Bc3 Kc7 42. Kd3 Kb6 43. Kc4 Be7 44. Bd2 Bd8 45. Bb4 Bc7 46. b3 Ka6 47.
Ba3 Bb8 48. Bc1 Bc7 49. b4 Bd8 50. f4 exf4 51. Bxf4 Bc7 52. Be3 Bd8 53. Bd4 Bc7
54. b5+ Kb7 55. Kb4 Bd8 56. Ka4 Bc7 57. Bc3 Bb8 58. Bb4 Kb6 59. Ba5+ Kc5 60. b6
Kc4 61. Be1 Kxd5 62. Kb5 Ke6 63. Bg3 Kd7 64. Bh2 Bc7 65. bxc7 Kxc7 66. Kc4 Kc6
67. Kd4 Kd7 68. Kd5 Ke7 69. Bxd6+ Kf7 70. Ke5 Kg7 71. Ke6 h6 72. Bf4 hxg5 73.
hxg5 Kg8 74. Kf6 Kh7 75. Kf7 Kh8 76. Kxg6 1-0

[Event "17. Sparkassen Open 2018 - Gruppe A"]
[Site "Forchheim"]
[Date "2018.09.23"]
[Round "5.2"]
[White "Miller, Eduard"]
[Black "Arnold, Max"]
[Result "1/2-1/2"]
[WhiteElo "2355"]
[BlackElo "2267"]
[PlyCount "75"]
[EventDate "2018.??.??"]
[WhiteTeam "SC Erlangen"]
[BlackTeam "SK Ettlingen"]

1. Nf3 d5 2. g3 Bg4 3. Bg2 Nd7 4. d4 e6 5. O-O Ngf6 6. c4 c6 7. cxd5 exd5 8.
Nc3 Bd6 9. Ne1 O-O 10. f3 Be6 11. e4 c5 12. Nb5 Be7 13. e5 Ne8 14. f4 a6 15.
Na3 f5 16. Qb3 Nc7 17. dxc5 Nxc5 18. Qd1 Ne4 19. Nec2 Nb5 20. Nxb5 axb5 21. Be3
Qd7 22. Nd4 Ra4 23. a3 Rc8 24. Nxe6 Qxe6 25. Qb3 Qc6 26. Rad1 Rc4 27. Rd3 Bc5
28. Rfd1 Rc1 29. Rxc1 Bxe3+ 30. Rxe3 Qxc1+ 31. Bf1 Nd2 32. Qxb5 h6 33. Rc3 Rxc3
34. bxc3 Kh7 35. Qd3 Nxf1 36. Qxf5+ Kh8 37. Qf8+ Kh7 38. Qf5+ 1/2-1/2

[Event "17. Sparkassen Open 2018 - Gruppe A"]
[Site "Forchheim"]
[Date "2018.09.23"]
[Round "5.3"]
[White "Hoffmann, Hendrik"]
[Black "Schulz, Lukas"]
[Result "1/2-1/2"]
[WhiteElo "2265"]
[BlackElo "2263"]
[PlyCount "52"]
[EventDate "2018.??.??"]
[WhiteTeam "SG Leipzig"]
[BlackTeam "SC Erlangen"]

1. e4 c5 2. Nf3 Nc6 3. c3 d6 4. d4 Nf6 5. d5 Nb8 6. h3 g6 7. Bd3 Bg7 8. O-O O-O
9. c4 e5 10. Nc3 Nh5 11. Re1 Nf4 12. Bf1 a5 13. Bxf4 exf4 14. e5 dxe5 15. Nxe5
Na6 16. Qf3 Nb4 17. Rac1 Qg5 18. Nd3 Nxd3 19. Bxd3 Bd4 20. Ne4 Qh4 21. b3 Bd7
22. Re2 Rae8 23. Rce1 Re5 24. Nd2 Rg5 25. Ne4 Re5 26. Nd2 Rg5 1/2-1/2

[Event "17. Sparkassen Open 2018 - Gruppe A"]
[Site "Forchheim"]
[Date "2018.09.23"]
[Round "5.4"]
[White "Bethke, Robert"]
[Black "Klek, Hanna Marie"]
[Result "1/2-1/2"]
[WhiteElo "1937"]
[BlackElo "2278"]
[PlyCount "45"]
[EventDate "2018.??.??"]
[WhiteTeam "SF Neuberg"]
[BlackTeam "SC Erlangen"]

1. c4 e5 2. Nc3 Nc6 3. g3 Bc5 4. Bg2 a6 5. e3 d6 6. Nge2 Ba7 7. O-O h5 8. Rb1
h4 9. b4 Qg5 10. b5 axb5 11. cxb5 Nd8 12. Qa4 Bd7 13. Nd5 Ne6 14. Qc4 Rc8 15.
Rb4 hxg3 16. fxg3 Bc5 17. Rb1 c6 18. bxc6 Bxc6 19. d4 Qg4 20. h3 Qg6 21. Bb2
Ba7 22. dxe5 Ng5 23. h4 1/2-1/2

[Event "17. Sparkassen Open 2018 - Gruppe A"]
[Site "Forchheim"]
[Date "2018.09.23"]
[Round "5.5"]
[White "Hesse, Henrik"]
[Black "Gramb, Marius"]
[Result "1/2-1/2"]
[WhiteElo "2218"]
[BlackElo "2073"]
[PlyCount "104"]
[EventDate "2018.??.??"]
[WhiteTeam "SV Mattnetz Berlin"]
[BlackTeam "Brühler SK"]

1. c4 c5 2. Nf3 Nc6 3. d4 cxd4 4. Nxd4 Nf6 5. Nc3 e6 6. Ndb5 d5 7. Bf4 e5 8.
cxd5 exf4 9. dxc6 bxc6 10. Qxd8+ Kxd8 11. Rd1+ Bd7 12. Nd6 Kc7 13. Nxf7 Rg8 14.
g3 Rb8 15. Bg2 Rxb2 16. O-O fxg3 17. hxg3 Bb4 18. Rc1 Bxc3 19. Rxc3 Rxe2 20.
Rfc1 Rge8 21. Kf1 Ne4 22. Rxc6+ Bxc6 23. Kxe2 Nc5+ 24. Kf1 Bxg2+ 25. Kxg2 Kb6
26. Nd6 Rf8 27. f4 Rd8 28. Rxc5 Rxd6 29. Rc2 a5 30. Kf3 Rd3+ 31. Kg4 a4 32. Rh2
h6 33. Rg2 Rd5 34. Re2 Rd7 35. Re5 Rd2 36. Re7 Rxa2 37. Rxg7 Rh2 38. Rg8 a3 39.
Ra8 a2 40. Kf3 Kc5 41. Ke4 Kc4 42. f5 Kb3 43. f6 Rh1 44. Ke5 a1=Q+ 45. Rxa1
Rxa1 46. f7 Rf1 47. Ke6 Kc4 48. Ke7 Kd5 49. f8=Q Rxf8 50. Kxf8 Ke4 51. Kg7 Kf3
52. Kxh6 Kxg3 1/2-1/2

[Event "17. Sparkassen Open 2018 - Gruppe A"]
[Site "Forchheim"]
[Date "2018.09.23"]
[Round "5.6"]
[White "Amtmann, Florian"]
[Black "Hilverda, Alexander"]
[Result "1/2-1/2"]
[WhiteElo "2087"]
[BlackElo "2370"]
[PlyCount "100"]
[EventDate "2018.??.??"]
[WhiteTeam "Spvgg Stetten"]
[BlackTeam "SC Erlangen"]

1. e4 c5 2. d4 cxd4 3. c3 Nf6 4. e5 Nd5 5. Nf3 Nc6 6. Bc4 Nb6 7. Bb3 g6 8. cxd4
Bg7 9. O-O O-O 10. Nc3 d6 11. exd6 Qxd6 12. Nb5 Qd8 13. Bf4 Bg4 14. d5 Na5 15.
Re1 Bxb2 16. Rb1 Bf6 17. d6 e6 18. Bh6 Bxf3 19. Qxf3 Nxb3 20. axb3 Bg7 21. Bxg7
Kxg7 22. Qxb7 Qc8 23. Qe4 Qc5 24. Qd3 Nd5 25. Rec1 Qb6 26. Ra1 Rfd8 27. Nc7
Rab8 28. Nxd5 exd5 29. Qxd5 Rxd6 30. Qc4 Rf6 31. Ra2 a6 32. Rb1 Rc6 33. Qf1 a5
34. h3 Rc5 35. Qe1 Qc7 36. Qd2 Rb4 37. Qb2+ Kg8 38. g3 Qd7 39. h4 Qd3 40. Re1
Rb8 41. Ra4 Qf3 42. Rf4 Qc6 43. Rfe4 a4 44. b4 Rc2 45. Qe5 Qb5 46. Qxb8+ Qxb8
47. Re8+ Qxe8 48. Rxe8+ Kg7 49. Ra8 Ra2 50. b5 Rb2 1/2-1/2

[Event "17. Sparkassen Open 2018 - Gruppe A"]
[Site "Forchheim"]
[Date "2018.09.23"]
[Round "5.7"]
[White "Kilian, Markus"]
[Black "Humburg, Philipp"]
[Result "0-1"]
[WhiteElo "2065"]
[BlackElo "2253"]
[PlyCount "70"]
[EventDate "2018.??.??"]
[WhiteTeam "SV Würzburg"]
[BlackTeam "SK Vellmar"]

1. d4 Nf6 2. c4 g6 3. Nc3 Bg7 4. e4 d6 5. f3 a6 6. Be3 O-O 7. Qd2 Nbd7 8. Nge2
c5 9. d5 b5 10. cxb5 Qa5 11. Ng3 Nb6 12. a4 Nfd7 13. f4 axb5 14. Bxb5 Ba6 15.
O-O Nc4 16. Bxc4 Bxc4 17. Rf3 Rfb8 18. e5 dxe5 19. Nge4 f5 20. Ng5 e4 21. Rh3
h5 22. Rg3 Rxb2 23. Qxb2 Bxc3 24. Qc1 Bxa1 25. Qxc4 Qxa4 26. Qxa4 Rxa4 27. Ne6
Kf7 28. Nxc5 Nxc5 29. Bxc5 Bd4+ 30. Bxd4 Rxd4 31. Ra3 Rxd5 32. Ra6 e5 33. g3
exf4 34. gxf4 Rd3 35. Ra7+ Kg8 0-1

[Event "17. Sparkassen Open 2018 - Gruppe A"]
[Site "Forchheim"]
[Date "2018.09.23"]
[Round "5.8"]
[White "Nguyen, Alex Dac-Vuong"]
[Black "Monninger, Moritz"]
[Result "1-0"]
[WhiteElo "2240"]
[BlackElo "2096"]
[PlyCount "107"]
[EventDate "2018.??.??"]
[WhiteTeam "SG Leipzig"]
[BlackTeam "SK Herzogenaurach"]

1. e4 e6 2. d4 d5 3. e5 c5 4. c3 Nc6 5. Nf3 Nh6 6. a3 Nf5 7. b4 cxb4 8. cxb4
Bd7 9. Be3 b5 10. Nc3 a5 11. Nxb5 axb4 12. a4 Be7 13. Bd3 O-O 14. O-O Na5 15.
Nd2 Rc8 16. Qe2 Qb6 17. Rfc1 Bxb5 18. Bxb5 Rc3 19. Rxc3 bxc3 20. Nf3 Nxe3 21.
Qxe3 Rc8 22. Rc1 Bb4 23. Ne1 Nc4 24. Qf4 c2 25. Nf3 Na5 26. Ng5 Qb7 27. Ba6
Qxa6 28. Qxf7+ Kh8 29. Nxe6 Qb7 30. Rxc2 Qxf7 31. Rxc8+ Qg8 32. Rxg8+ Kxg8 33.
Nc7 Bc3 34. e6 Kf8 35. e7+ Kxe7 36. Nxd5+ Kd6 37. Nxc3 Nc6 38. g4 Nxd4 39. Nb5+
Nxb5 40. axb5 Kc5 41. Kg2 Kxb5 42. Kf3 Kc5 43. Kf4 Kd6 44. Kf5 Ke7 45. g5 Kf7
46. g6+ Kg8 47. gxh7+ Kxh7 48. Kg5 g6 49. Kf6 Kh6 50. f4 Kh7 51. h3 Kh6 52. h4
Kh7 53. Kf7 Kh6 54. Kg8 1-0

[Event "17. Sparkassen Open 2018 - Gruppe A"]
[Site "Forchheim"]
[Date "2018.09.23"]
[Round "5.9"]
[White "Gheng, Simona"]
[Black "Bethke, Richard"]
[Result "0-1"]
[WhiteElo "2002"]
[BlackElo "2212"]
[PlyCount "74"]
[EventDate "2018.??.??"]
[WhiteTeam "SF Deizisau"]
[BlackTeam "SF Neuberg"]

1. e4 e5 2. Nf3 Nc6 3. Bb5 a6 4. Ba4 b5 5. Bb3 Na5 6. O-O d6 7. c3 Nxb3 8. axb3
Bb7 9. d3 Be7 10. b4 Nf6 11. Nbd2 O-O 12. Re1 Nd7 13. Nb3 Rb8 14. Na5 Ba8 15.
Nb3 Qc8 16. Bg5 f6 17. Bh4 c5 18. bxc5 dxc5 19. Nbd2 Rd8 20. d4 exd4 21. cxd4
cxd4 22. Qb3+ Kh8 23. Qe6 Nc5 24. Qf7 Rd7 25. e5 Qg8 26. Qh5 g6 27. Qh6 Nd3 28.
exf6 Bf8 29. Qg5 Rd5 30. Ne5 Nxe1 31. Rxe1 Bd6 32. Ndf3 d3 33. f7 Qg7 34. Qf4
d2 35. Bf6 dxe1=Q+ 36. Nxe1 Bxe5 37. Bxg7+ Kxg7 0-1

[Event "17. Sparkassen Open 2018 - Gruppe A"]
[Site "Forchheim"]
[Date "2018.09.23"]
[Round "5.11"]
[White "Walter, Florian"]
[Black "Tschernatsch, Johannes"]
[Result "1-0"]
[WhiteElo "2246"]
[BlackElo "1801"]
[PlyCount "47"]
[EventDate "2018.??.??"]
[WhiteTeam "SC Noris-Tarrasch Nürnberg"]
[BlackTeam "USV Potsdam"]

1. c4 c5 2. g3 g6 3. Bg2 Bg7 4. Nc3 Nc6 5. d3 Nf6 6. Bd2 b6 7. Qc1 Bb7 8. Bh6
Bxh6 9. Qxh6 Qc7 10. Nb5 Qe5 11. d4 cxd4 12. Nf3 Qb8 13. Rd1 e5 14. Qh4 Nh5 15.
e3 a6 16. Na3 dxe3 17. fxe3 O-O 18. g4 Ng7 19. Ng5 h5 20. gxh5 Nxh5 21. Bf3 Nf6
22. O-O Kg7 23. Rxd7 Qc8 24. Ne6+ 1-0

[Event "17. Sparkassen Open 2018 - Gruppe A"]
[Site "Forchheim"]
[Date "2018.09.23"]
[Round "5.12"]
[White "Lutter, Maximilian"]
[Black "Pietzsch, Manuel"]
[Result "1-0"]
[WhiteElo "1883"]
[BlackElo "2176"]
[PlyCount "71"]
[EventDate "2018.??.??"]
[WhiteTeam "SC Noris-Tarrasch Nürnberg"]
[BlackTeam "SG Leipzig"]

1. Nf3 d5 2. d4 Nc6 3. g3 Bg4 4. Bg2 Qd7 5. Nc3 f6 6. h3 Bf5 7. Nh4 Be6 8. e4
Bf7 9. exd5 Nb4 10. O-O O-O-O 11. a3 Nxd5 12. Ne4 e6 13. b4 g5 14. Nf3 g4 15.
hxg4 h5 16. g5 Bg6 17. Nxf6 Ngxf6 18. Nh4 Qh7 19. gxf6 Bxc2 20. Qe2 Bf5 21. Bg5
Rg8 22. Nxf5 Qxf5 23. Bh4 Nxf6 24. Qe5 Bg7 25. Rfe1 Rge8 26. Rac1 Rd7 27. Bxf6
Qxf6 28. Qb5 c6 29. Bxc6 bxc6 30. Rxc6+ Kd8 31. Qb8+ Ke7 32. Rcxe6+ Qxe6 33.
Rxe6+ Kxe6 34. Qxe8+ Kd6 35. d5 Re7 36. Qc6+ 1-0

[Event "17. Sparkassen Open 2018 - Gruppe A"]
[Site "Forchheim"]
[Date "2018.09.23"]
[Round "5.13"]
[White "Meulner, Klaus"]
[Black "Willim, Michael"]
[Result "1-0"]
[WhiteElo "2120"]
[BlackElo "2120"]
[PlyCount "54"]
[EventDate "2018.??.??"]
[WhiteTeam "SW Nürnberg Süd"]
[BlackTeam "SC Erlangen"]

1. Nf3 Nf6 2. c4 e6 3. g3 d5 4. Bg2 Be7 5. O-O O-O 6. d4 dxc4 7. Qc2 a6 8. a4
Bd7 9. Qxc4 Bc6 10. Nc3 Nbd7 11. a5 Nd5 12. Re1 Nxc3 13. bxc3 Nf6 14. Bg5 Bd5
15. Qa4 Be4 16. Qb3 c5 17. Bxf6 gxf6 18. Red1 Qc7 19. Nh4 Bxg2 20. Nxg2 Rfd8
21. Nf4 cxd4 22. cxd4 Rd7 23. e4 Rc8 24. Qf3 Qc3 25. Qg4+ Kf8 26. d5 f5 27.
exf5 exf5 1-0

[Event "17. Sparkassen Open 2018 - Gruppe A"]
[Site "Forchheim"]
[Date "2018.09.23"]
[Round "5.14"]
[White "Glawe, Ralf"]
[Black "Kast, Joannis"]
[Result "1-0"]
[WhiteElo "2060"]
[BlackElo "2066"]
[PlyCount "37"]
[EventDate "2018.??.??"]
[WhiteTeam "MTV Ingolstadt"]
[BlackTeam "SK Jöhlingen"]

1. e4 e5 2. Nf3 Nf6 3. Nxe5 Nxe4 4. Qe2 Qe7 5. Qxe4 d6 6. d4 dxe5 7. Qxe5 Qxe5+
8. dxe5 Bf5 9. c3 Nd7 10. Bf4 O-O-O 11. Be2 Nxe5 12. Bxe5 Re8 13. Bd4 Bd3 14.
Be3 Bc5 15. Bxd3 Bxe3 16. Bf5+ Kb8 17. fxe3 Rxe3+ 18. Kf2 Rhe8 19. Bg4 1-0

[Event "17. Sparkassen Open 2018 - Gruppe A"]
[Site "Forchheim"]
[Date "2018.09.23"]
[Round "5.15"]
[White "von Zimmermann, Georg"]
[Black "Azimi, Reza"]
[Result "1/2-1/2"]
[WhiteElo "2036"]
[BlackElo "2037"]
[PlyCount "107"]
[EventDate "2018.??.??"]
[WhiteTeam "MSA Zugzwang"]
[BlackTeam "Münchener SC"]

1. e4 c5 2. Nf3 Nc6 3. Bb5 g6 4. O-O Bg7 5. c3 Nf6 6. e5 Nd5 7. d4 cxd4 8. cxd4
O-O 9. Nc3 Nxc3 10. bxc3 d6 11. exd6 Qxd6 12. a4 Bg4 13. h3 Bd7 14. Re1 Rfe8
15. Bc4 Na5 16. Ba2 e6 17. Ne5 Nc6 18. Ng4 e5 19. Qf3 Bxg4 20. Qxf7+ Kh8 21.
hxg4 Re7 22. Qb3 exd4 23. Ba3 Rxe1+ 24. Rxe1 Qd7 25. cxd4 Nxd4 26. Qd1 Re8 27.
Re3 Rd8 28. Re7 Qc8 29. Kh2 Nc6 30. Rxg7 Rxd1 31. Bb2 Rd4 32. Re7 Qxg4 33. Rxb7
Qh5+ 34. Kg1 Qd1+ 35. Kh2 Qxa4 36. Bd5 Qa6 37. Bxc6 Qxc6 38. Bxd4+ Kg8 39. Rb8+
Kf7 40. f4 a5 41. Rh8 h5 42. Rh7+ Ke6 43. Be5 Qd5 44. Rg7 Kf5 45. Bc7 Qc5 46.
Rf7+ Kg4 47. Rg7 Qf5 48. Re7 a4 49. Re3 h4 50. Be5 Qf8 51. Rd3 a3 52. Bd6 a2
53. Bxf8 a1=Q 54. Bh6 1/2-1/2

[Event "17. Sparkassen Open 2018 - Gruppe A"]
[Site "Forchheim"]
[Date "2018.09.23"]
[Round "5.16"]
[White "Kalinin, Oleksandr"]
[Black "Hirn, Erwin"]
[Result "1/2-1/2"]
[WhiteElo "2113"]
[BlackElo "2061"]
[PlyCount "34"]
[EventDate "2018.??.??"]
[WhiteTeam "Münchener SC"]
[BlackTeam "SK Neumarkt"]

1. d4 Nf6 2. Nf3 d5 3. e3 e6 4. Bd3 c5 5. b3 Nc6 6. O-O b6 7. Bb2 Bb7 8. Nbd2
Bd6 9. c4 cxd4 10. exd4 O-O 11. Rc1 Bf4 12. Qe2 Nb4 13. Bb1 dxc4 14. bxc4 Bxf3
15. Nxf3 Bxc1 16. Rxc1 Re8 17. Ne5 Rc8 1/2-1/2

[Event "17. Sparkassen Open 2018 - Gruppe A"]
[Site "Forchheim"]
[Date "2018.09.23"]
[Round "5.17"]
[White "Braun, Michael"]
[Black "Köhler, Lukas"]
[Result "1/2-1/2"]
[WhiteElo "2071"]
[BlackElo "1926"]
[PlyCount "77"]
[EventDate "2018.??.??"]
[WhiteTeam "SG Büchenbach/Roth"]
[BlackTeam "SC Bamberg"]

1. d4 d5 2. Bf4 Nf6 3. e3 e6 4. Nd2 c5 5. c3 cxd4 6. exd4 Bd6 7. Bg3 O-O 8. Bd3
Nc6 9. Ngf3 a6 10. O-O Bxg3 11. hxg3 Nd7 12. Re1 Re8 13. Qb3 Qb6 14. Rad1 Qxb3
15. axb3 e5 16. dxe5 Ndxe5 17. Nxe5 Rxe5 18. Nf3 Rxe1+ 19. Rxe1 Bd7 20. b4 Re8
21. Rxe8+ Bxe8 22. b5 axb5 23. Bxb5 Kf8 24. Kf1 Ke7 25. Ke2 f6 26. Bxc6 bxc6
27. Nd4 Bd7 28. b4 Kd6 29. Nb3 Bf5 30. Ke3 Bc2 31. Nc5 Ke5 32. g4 g5 33. g3 Bd1
34. Nd3+ Kd6 35. f3 Bc2 36. Nc5 Ke5 37. Nd7+ Ke6 38. Nc5+ Kd6 39. Kd2 1/2-1/2

[Event "17. Sparkassen Open 2018 - Gruppe A"]
[Site "Forchheim"]
[Date "2018.09.23"]
[Round "5.18"]
[White "Martin Fernandez, Rodrigo"]
[Black "Kocak, Ediz"]
[Result "1-0"]
[WhiteElo "2096"]
[BlackElo "1794"]
[PlyCount "81"]
[EventDate "2018.??.??"]
[WhiteTeam "SC Erlangen"]
[BlackTeam "SGem Fürth"]

1. d4 Nf6 2. c4 c5 3. d5 b5 4. Qc2 e6 5. e4 bxc4 6. Bxc4 Bb7 7. Nc3 exd5 8.
exd5 d6 9. Nf3 Nbd7 10. O-O Be7 11. b3 O-O 12. Bf4 Nb6 13. Rad1 Nh5 14. Be3 g6
15. Rfe1 Bf6 16. Ne4 Bg7 17. Bg5 Qd7 18. h3 h6 19. Bc1 f5 20. Nc3 a6 21. Re6
Nf6 22. Bf4 Nc8 23. Rde1 Re8 24. Bxh6 Bxh6 25. Rxf6 Rxe1+ 26. Nxe1 Kg7 27. Re6
Nb6 28. Qe2 Bg5 29. Nd3 Rf8 30. Nxc5 dxc5 31. Rxb6 Rf6 32. Re6 Rxe6 33. dxe6
Qc6 34. Bd5 Qc7 35. Bxb7 Qxb7 36. Qe5+ Bf6 37. Qxc5 Be7 38. Qd4+ Bf6 39. Qc5
Be7 40. Qd4+ Bf6 41. Qd7+ 1-0

[Event "17. Sparkassen Open 2018 - Gruppe A"]
[Site "Forchheim"]
[Date "2018.09.23"]
[Round "5.19"]
[White "Eichschmied, Patrick"]
[Black "Kotz, Reinhard"]
[Result "0-1"]
[WhiteElo "1895"]
[BlackElo "2171"]
[PlyCount "60"]
[EventDate "2018.??.??"]
[WhiteTeam "MTV Ingolstadt"]
[BlackTeam "SK Herzogenaurach"]

1. e4 c5 2. Nf3 d6 3. d4 cxd4 4. Nxd4 Nf6 5. Nc3 g6 6. Be3 Bg7 7. Be2 O-O 8.
Qd2 Nc6 9. O-O-O Bd7 10. h4 h5 11. f3 Ne5 12. Bh6 Bh8 13. Bxf8 Kxf8 14. Kb1 Rc8
15. Nd5 e6 16. Nxf6 Bxf6 17. g3 Qb6 18. Nb3 d5 19. exd5 exd5 20. Qxd5 Qf2 21.
Nd4 Ba4 22. b3 Bc6 23. Qd6+ Kg7 24. Rhg1 Rd8 25. Qc5 Kh7 26. f4 Ng4 27. Bxg4
Bxd4 28. Qe7 Re8 29. Qxf7+ Bg7 30. Be6 Be4 0-1

[Event "17. Sparkassen Open 2018 - Gruppe A"]
[Site "Forchheim"]
[Date "2018.09.23"]
[Round "5.20"]
[White "Muskat, Gunter"]
[Black "Siegl, Melina"]
[Result "1/2-1/2"]
[WhiteElo "2048"]
[BlackElo "2019"]
[PlyCount "39"]
[EventDate "2018.??.??"]
[WhiteTeam "SG Büchenbach/Roth"]
[BlackTeam "SW Nürnberg Süd"]

1. d4 d6 2. c4 g6 3. Nc3 Bg7 4. e4 Nd7 5. Be2 e5 6. d5 Ne7 7. h4 h6 8. Be3 f5
9. f3 Nf6 10. Nh3 f4 11. Bf2 Nh5 12. Kd2 Ng8 13. Qe1 c5 14. Bd3 Bf6 15. Ng1 g5
16. hxg5 hxg5 17. Nge2 g4 18. Bh4 Rh7 19. Bxf6 Ngxf6 20. Bc2 1/2-1/2

[Event "17. Sparkassen Open 2018 - Gruppe A"]
[Site "Forchheim"]
[Date "2018.09.23"]
[Round "5.21"]
[White "Smyk, Jozef"]
[Black "Gheng, Dominik"]
[Result "1/2-1/2"]
[WhiteElo "1929"]
[BlackElo "1995"]
[PlyCount "33"]
[EventDate "2018.??.??"]
[WhiteTeam "SK Neumarkt"]
[BlackTeam "Schach-Kids Bernhausen"]

1. d4 d5 2. Bf4 Nf6 3. e3 e6 4. c3 Be7 5. Bd3 O-O 6. Nf3 b6 7. Qe2 Bb7 8. Nbd2
Ne4 9. O-O Nd7 10. Ne5 Nxe5 11. Bxe5 Ba6 12. Bd6 Nxd6 13. e4 dxe4 14. Nxe4 Nf5
15. Nd2 Nd6 16. Qh5 h6 17. Qe5 1/2-1/2

[Event "17. Sparkassen Open 2018 - Gruppe A"]
[Site "Forchheim"]
[Date "2018.09.23"]
[Round "5.22"]
[White "Steinbach, Peter"]
[Black "Faßhauer, Jacob"]
[Result "0-1"]
[WhiteElo "1959"]
[BlackElo "2056"]
[PlyCount "97"]
[EventDate "2018.??.??"]
[WhiteTeam "SV Crailsheim"]
[BlackTeam "SG Leipzig"]

1. d4 Nf6 2. Bg5 e6 3. e4 h6 4. Bxf6 Qxf6 5. c3 c5 6. d5 d6 7. Nf3 Be7 8. Bd3
O-O 9. O-O exd5 10. exd5 Bg4 11. Nbd2 Nd7 12. Ne4 Qf4 13. Qd2 Qxd2 14. Nexd2
Rfe8 15. h3 Bxf3 16. Nxf3 a6 17. a4 Bf6 18. Rfe1 Nb6 19. a5 Nxd5 20. Be4 Nc7
21. Bxb7 Rxe1+ 22. Rxe1 Rb8 23. Be4 Rxb2 24. Ra1 Nb5 25. c4 Nc3 26. Re1 Nxe4
27. Rxe4 Kf8 28. Re1 Ra2 29. Rb1 Rxa5 30. Rb6 Ke7 31. g3 Ra1+ 32. Kg2 Ra2 33.
g4 a5 34. Ra6 a4 35. h4 a3 36. g5 hxg5 37. hxg5 Bc3 38. Kg3 Bb4 39. Nh4 g6 40.
Ra7+ Kf8 41. f4 Be1+ 42. Kg4 Bxh4 43. Kxh4 Rc2 44. Ra4 a2 45. Kg4 Rxc4 46. Rxa2
Ke7 47. Kf3 Ke6 48. Kg4 Rc3 49. Re2+ 0-1

[Event "17. Sparkassen Open 2018 - Gruppe A"]
[Site "Forchheim"]
[Date "2018.09.23"]
[Round "5.23"]
[White "Ulusoy, Tolga"]
[Black "Paeslack, Luis"]
[Result "0-1"]
[WhiteElo "2069"]
[BlackElo "1897"]
[PlyCount "124"]
[EventDate "2018.??.??"]
[WhiteTeam "SC Noris-Tarrasch Nürnberg"]
[BlackTeam "TV-Großostheim"]

1. e4 c5 2. c3 g6 3. d4 cxd4 4. cxd4 d5 5. e5 Nc6 6. Nc3 Bg7 7. Bb5 a6 8. Bxc6+
bxc6 9. Qa4 Bd7 10. Qa3 Nh6 11. h3 O-O 12. Nf3 f6 13. exf6 exf6 14. O-O Qc7 15.
Na4 Nf7 16. Nc5 Rfe8 17. Bd2 Bf8 18. Rfe1 Nd6 19. Bf4 Qa7 20. Rxe8 Nxe8 21. Rc1
Nd6 22. Re1 Nc4 23. Qc3 Kf7 24. b3 Nd6 25. g4 Nb5 26. Qd3 Nxd4 27. Na4 Nxf3+
28. Qxf3 Be7 29. g5 f5 30. Qc3 Re8 31. Rxe7+ Rxe7 32. Qf6+ Ke8 33. Bd6 Be6 34.
Nc5 Bg8 35. Bxe7 Qxe7 36. Qxc6+ Kf8 37. Nd7+ Kg7 38. Qc3+ Kf7 39. Ne5+ Kf8 40.
Qc8+ Kg7 41. f4 Qa7+ 42. Kg2 Qe3 43. Qxa6 Qd2+ 44. Kg3 Qe1+ 45. Kg2 Qd2+ 46.
Kf3 Qd1+ 47. Qe2 Qh1+ 48. Kf2 Qh2+ 49. Ke3 d4+ 50. Kd3 Qxf4 51. Nf3 Kf7 52.
Nxd4 Qxg5 53. Qf3 f4 54. Qa8 Kg7 55. Qb7+ Kh6 56. a4 Bd5 57. Qd7 Qg3+ 58. Kc2
Qf2+ 59. Kc3 Qe3+ 60. Kb4 Qxd4+ 61. Ka3 Qc5+ 62. Kb2 Qd4+ 0-1

[Event "17. Sparkassen Open 2018 - Gruppe A"]
[Site "Forchheim"]
[Date "2018.09.23"]
[Round "5.24"]
[White "Pichl, Michael"]
[Black "Schreiter, Thomas"]
[Result "1-0"]
[WhiteElo "2051"]
[BlackElo "2022"]
[PlyCount "28"]
[EventDate "2018.??.??"]
[WhiteTeam "SV Empor Erfurt"]
[BlackTeam "SG Leipzig"]

1. g3 Nf6 2. Bg2 d5 3. Nf3 c6 4. O-O Bf5 5. d3 h6 6. Nbd2 Nbd7 7. b3 e6 8. Bb2
Qc7 9. c4 Be7 10. Rc1 O-O 11. Rc2 a5 12. a3 Rfd8 13. Qa1 Qb6 14. Rfc1 Ne8 1-0

[Event "17. Sparkassen Open 2018 - Gruppe A"]
[Site "Forchheim"]
[Date "2018.09.23"]
[Round "5.25"]
[White "Steinhart, Christoph"]
[Black "Braun, Kristin"]
[Result "1/2-1/2"]
[WhiteElo "1987"]
[BlackElo "1919"]
[PlyCount "101"]
[EventDate "2018.??.??"]
[WhiteTeam "TSV Schönaich"]
[BlackTeam "SC JÄKLECHEMIE"]

1. e4 c5 2. Nf3 Nc6 3. d4 cxd4 4. Nxd4 g6 5. c4 Bg7 6. Be3 Nf6 7. Nc3 O-O 8.
Be2 d6 9. O-O Nxd4 10. Bxd4 Be6 11. Qd3 a6 12. b3 Rc8 13. Rfe1 Re8 14. Rad1 Qc7
15. Rd2 Bd7 16. a4 Qb8 17. Bd1 Ng4 18. Bb6 Ne5 19. Qg3 Bc6 20. Nd5 Nd7 21. a5
e6 22. Nb4 Nxb6 23. axb6 Rcd8 24. f4 Qc8 25. Bc2 Rd7 26. Red1 Bf8 27. Na2 Qd8
28. Qf2 Qc8 29. h4 Red8 30. b4 d5 31. exd5 exd5 32. c5 Bb5 33. Nc3 Bc4 34. Ba4
Re7 35. Nxd5 Bxd5 36. Rxd5 Rxd5 37. Rxd5 Qe6 38. Bb3 Rd7 39. Rxd7 Qxd7 40. h5
a5 41. hxg6 hxg6 42. Qc2 Qc7 43. Qc4 Qe7 44. Kf1 axb4 45. Qxb4 Qd7 46. Qe4 Kg7
47. Qc4 Qf5 48. c6 bxc6 49. b7 Bd6 50. Qd4+ Qf6 51. Qxf6+ 1/2-1/2

[Event "17. Sparkassen Open 2018 - Gruppe A"]
[Site "Forchheim"]
[Date "2018.09.23"]
[Round "5.26"]
[White "Seidel, Michael"]
[Black "Reinhard, Ralf-Peter"]
[Result "1/2-1/2"]
[WhiteElo "2042"]
[BlackElo "1893"]
[PlyCount "51"]
[EventDate "2018.??.??"]
[WhiteTeam "SC Schwarzenbach"]
[BlackTeam "vereinslos"]

1. e4 c5 2. Be2 Nc6 3. f4 d6 4. d3 g6 5. Nf3 Bg7 6. O-O e6 7. c3 Nge7 8. Na3
O-O 9. Qe1 a6 10. Nc2 e5 11. Qh4 f6 12. fxe5 dxe5 13. Be3 b6 14. Rad1 Qc7 15.
d4 cxd4 16. cxd4 exd4 17. Ncxd4 b5 18. Rc1 Qb7 19. Nb3 Qb8 20. Nc5 Ne5 21. Nxe5
Qxe5 22. Nd3 Qe6 23. b3 Nc6 24. Nc5 Qe8 25. a4 Ne5 26. Bd4 1/2-1/2